000 00317nam a2200133Ia 4500
008 140626s9999 xx 000 0 und d
100 _aAndors, Alice
245 _aDoes Parity Pay Off? /
_cAlice Andors.
260 _cc2012.
300 _a57 : 9, page 45
440 _aHR Magazine
521 _aBSBA
942 _cSE
999 _c121478
_d121478